Statistics for How many Counter-Strike: Global Offensive maps can you name in 5 minutes?

Click here to take the quiz!

General Stats

  • This quiz has been taken 2,751 times
  • The average score is 14 of 25

Answer Stats

HintAnswer% Correct
Dust
98%
Mirage
96%
Inferno
93%
Dust2
91%
Nuke
86%
Cache
83%
Cobblestone
83%
Overpass
83%
Train
79%
Office
74%
Vertigo
73%
Aztec
55%
Italy
55%
Lake
52%
Assault
42%
Militia
42%
Shortdust
32%
Safehouse
31%
Baggage
30%
Bank
29%
Shoots
27%
St. Marc
20%
Monastery
16%
Shorttrain
16%
Sugarcane
15%

Score Distribution

Percentile by Number Answered

Percent of People with Each Score

Your Score History

You have not taken this quiz